| 000 | 00722nam a22002534a 4500 | ||
|---|---|---|---|
| 008 | |||
| 020 | _a9780702031557 (hbk.) | ||
| 049 | _aMAIN | ||
| 090 |
_aRK351 _bEND |
||
| 245 | 0 | 0 |
_aEndodontics / _cedited by Kishor Gulabivala, and Yuan-Ling Ng. |
| 250 | _a4th ed. | ||
| 300 |
_a ix, 388 p. : _bill. (chiefly col.) ; _c28 cm |
||
| 500 | _aIncludes index. | ||
| 504 | _aIncludes bibliographical references. | ||
| 650 | 0 | _aEndodontics | |
| 650 | 0 |
_aDental pulp _xDiseases |
|
| 700 | 1 | _aGulabivala, Kishor | |
| 700 | 1 | _aYuan-Ling, Ng. | |
| 907 |
_a.b10392737 _b02-10-18 _c24-09-18 |
||
| 003 | |||
| 005 | 20230120204230.0 | ||
| 040 | _cNUST | ||
| 942 |
_cBOOKS _kRK351 _mEND |
||
| 999 |
_c119499 _d119499 |
||